| 000 | 00968nam a2200265 a 4500 | ||
|---|---|---|---|
| 001 | BRCA_7446 | ||
| 005 | 20190320205835.0 | ||
| 008 | 110413s1945----mx-a######---#000-0#spa-# | ||
| 041 | _aspa | ||
| 044 | _amx | ||
| 050 | 4 |
_aF1219.3 _b.M37 1945 |
|
| 245 | 1 | 0 | _aMáscaras mexicanas. |
| 260 |
_aMéxico _bSEP _c1945 |
||
| 300 |
_a83 p. _bil. (algunas a color), 80 láminas |
||
| 500 | _aContenido: Máscaras prehispánicas por Alfonso Caso. -- El uso de las máscaras entre los antiguos mexicanos por Salvador Toscano. -- Funciones de las máscaras por Adolfo Best Maugard. -- Máscaras mexicanas por Miguel Covarrubias | ||
| 500 | _aQ199 | ||
| 650 | 1 | 4 |
_aIndios de México _xMáscaras _918334 |
| 650 | 1 | 4 |
_aMáscaras _918335 |
| 700 | 1 |
_aCaso, Alfonso _d1896-1970 _918336 |
|
| 700 | 1 |
_aToscano, Salvador _d1912-1949 _918337 |
|
| 700 | 1 |
_aBest Maugard, Adolfo _d1891-1965 _918338 |
|
| 700 | 1 |
_aCovarrubias, Miguel _d1904-1957 _918339 |
|
| 902 | _aGFM | ||
| 942 |
_2lcc _cB |
||
| 999 |
_c7122 _d7122 |
||